Změna finančního myšlení : Od pasivního k aktivnímu chápání a využívání firemních zdrojů /

Enregistré dans:
Détails bibliographiques
Auteur principal: Vosoba, Pavel (Auteur)
Format: Livre
Langue:tchèque
Publié: Praha : Orbis, 1995
Sujets:
Tags: Ajouter un tag
Pas de tags, Soyez le premier à ajouter un tag!

MARC

LEADER 00000nam a22000003a 4500
001 stu8709
005 20150617225807.1
008 970710s1995----xr------------------cze-d
020 |a 80-235-0059-7 
040 |a STU  |b slo 
041 0 |a cze 
044 |a xr 
080 |a 336.64 
080 |a 65.14/.15 
100 1 |a Vosoba, Pavel  |4 aut 
245 1 |a Změna finančního myšlení :  |b Od pasivního k aktivnímu chápání a využívání firemních zdrojů /  |c AUT Vosoba,Pavel a kol 
260 |a Praha :  |b Orbis,  |c 1995 
300 |a 120 s 
650 7 |a financie podniku  |2 stusub 
650 7 |a podnikové finančné hospodárstvo  |2 stusub 
650 7 |a finančný manažment  |2 stusub 
996 |b E81303  |c R*81303  |l RRUM  |s A  |a 24  |w stu8709_0001